<?xml version="1.0" encoding="UTF-8"?>
<record
    xmlns:xsi="http://www.w3.org/2001/XMLSchema-instance"
    xsi:schemaLocation="http://www.loc.gov/MARC21/slim http://www.loc.gov/standards/marcxml/schema/MARC21slim.xsd"
    xmlns="http://www.loc.gov/MARC21/slim">

  <leader>00349nam a22001217a 4500</leader>
  <datafield tag="040" ind1=" " ind2=" ">
    <subfield code="c">HS</subfield>
  </datafield>
  <datafield tag="082" ind1=" " ind2=" ">
    <subfield code="a">581</subfield>
  </datafield>
  <datafield tag="100" ind1=" " ind2=" ">
    <subfield code="a">&#x17A0;&#x17CA;&#x17B8;&#x1784; &#x1792;&#x17B8;&#x178F;&#x17B6;</subfield>
  </datafield>
  <datafield tag="245" ind1=" " ind2=" ">
    <subfield code="a">Plant physiology :&#x179F;&#x179A;&#x17B8;&#x179A;&#x17C7;&#x179C;&#x17B7;&#x1791;&#x17D2;&#x1799;&#x17B6;&#x1793;&#x17C3;&#x1780;&#x17C4;&#x179F;&#x17B7;&#x1780;&#x17B6;&#x179A;&#x17BB;&#x1780;&#x17D2;&#x1781;&#x1787;&#x17B6;&#x178F;&#x17B7; </subfield>
  </datafield>
  <datafield tag="260" ind1=" " ind2=" ">
    <subfield code="a">RUA</subfield>
    <subfield code="b">&#x17A0;&#x17CA;&#x17B8;&#x1784; &#x1792;&#x17B8;&#x178F;&#x17B6;</subfield>
    <subfield code="c">2008</subfield>
  </datafield>
  <datafield tag="300" ind1=" " ind2=" ">
    <subfield code="a">44p;</subfield>
  </datafield>
  <datafield tag="942" ind1=" " ind2=" ">
    <subfield code="c">KB</subfield>
  </datafield>
  <datafield tag="999" ind1=" " ind2=" ">
    <subfield code="c">10268</subfield>
    <subfield code="d">10268</subfield>
  </datafield>
  <datafield tag="952" ind1=" " ind2=" ">
    <subfield code="0">0</subfield>
    <subfield code="1">0</subfield>
    <subfield code="4">0</subfield>
    <subfield code="6">581_000000000000000_&#x17A0;&#x17B8;&#x1784;_2008_C019_OR</subfield>
    <subfield code="7">0</subfield>
    <subfield code="9">52911</subfield>
    <subfield code="a">LBC</subfield>
    <subfield code="b">LBC</subfield>
    <subfield code="c">C019</subfield>
    <subfield code="d">2016-10-05</subfield>
    <subfield code="o">581 &#x17A0;&#x17CA;&#x17B8;&#x1784; 2008 C019 Or</subfield>
    <subfield code="p">A00900</subfield>
    <subfield code="r">2016-10-05</subfield>
    <subfield code="y">KB</subfield>
  </datafield>
</record>
